000 01794nab a22002777a 4500
999 _c5707
_d5707
003 OSt
005 20251230232347.0
008 190605e xxu||||| |||| 00| 0 spa d
040 _cPJ
100 _95232
_aLalanne, Julio E.
245 1 3 _aLa derogación de las "multas" de la Ley Bases :
_b¿tiene efecto retroactivo? /
_cJulio E. Lalanne.
260 _aCiudad Autónoma de Buenos Aires :
_bThomson Reuters La Ley,
_c2024.
300 _ap. 26-34
500 _aCita: TR LALEY AR/DOC/2131/2024
505 _aSumario: I. Introducción.— II. Planteo del problema. Los fallos que aplican la Ley Bases en forma retroactiva y sus fundamentos.— III. Primera cuestión: las normas jurídicas que establecían indemnizaciones y agravamientos indemnizatorios, hoy derogadas, ¿son de naturaleza penal?; y, en consecuencia, ¿es aplicable a su respecto el principio de la ley penal más benigna? — IV. Segunda cuestión: ¿la situación jurídica que dio origen al derecho al cobro de las multas y agravamientos indemnizatorios se agotó con anterioridad a la entrada en vigencia de la Ley Bases?, ¿o, al contrario, se trata de una situación jurídica "existente" en los términos del art. 7° del Cód. Civ. Com. Nac.? — V. Conclusiones.
505 _t¿Te interesa el texto completo? Solicitalo al correo: koha@justierradelfuego.gov.ar
650 0 _91316
_aDERECHO LABORAL
650 0 _91323
_aCONTRATO DE TRABAJO
650 0 _91803
_aRELACIONES LABORALES
650 0 _91382
_aINDEMNIZACION
650 0 _92488
_aMULTA
650 0 _94428
_aRELACIÓN DE DEPENDENCIA
650 0 _94429
_aEMPLEO NO REGISTRADO
773 0 _02711
_93168
_dCiudad Autónoma de Buenos Aires : Thomson Reuters La Ley, 1999-2002.
_tRevista de derecho del trabajo. Nº 5 - Septiembre 2024
942 _2udc
_cANA